| 000 | 00702nam a22001695i 4500 | ||
|---|---|---|---|
| 001 | 167645 | ||
| 003 | ES-MaACL | ||
| 005 | 20230906213552.0 | ||
| 008 | 011026s1860 sp af |||| | spa d | ||
| 040 |
_aCCPB | B _bspa _cCCPB | B |
||
| 100 | 1 |
_aVinader y Domenech, Francisco. _9133778 |
|
| 245 | 1 | 0 |
_aHijiene [sic] fundamental / _cpor Francisco Vinader. |
| 260 |
_aPalma de Mallorca : _b[s.n.], _c1860 ( _fimp. de la v. de Villalonga) |
||
| 300 |
_a95 p. ; _c23 cm. |
||
| 650 | 4 |
_aHigiene. _913347 |
|
| 852 |
_aES-MaACL _jT-356-F-17 _z-- Enc. hol. _z-- Sello de Los Escolares Médicos, Madrid _z-- Dedic. ms. de Gustavo Saenz Diez a la biblioteca de Los Escolares Médicos _z-- Enc. en un vol. facticio |
||
| 999 |
_c167645 _d167645 |
||